Normal view
MARC view
- Emile Senart
Entry Personal Name
001 - CONTROL NUMBER
- control field: 109834
003 - CONTROL NUMBER IDENTIFIER
- control field: NUST
005 - DATE AND TIME OF LATEST TRANSACTION
- control field: 20230306113850.0
008 - FIXED-LENGTH DATA ELEMENTS
- fixed length control field: 230306|| aca||aabn | a|a d
040 ## - CATALOGING SOURCE
- Original cataloging agency: NUST
- Transcribing agency: NUST
100 ## - HEADING--PERSONAL NAME
- Personal name: Emile Senart
670 ## - SOURCE DATA FOUND
- Source citation: Work cat.: (NUST)184754: Emile Senart, Caste in India :, 1930.
